000 00538nam a2200205Ia 4500
005 20140405092918.0
008 140130s9999 xx 000 0 und d
020 _a0439518407
050 _aPZ 8.3
_b.C561Do 2003
100 _aChurch, Caroline Jayne.
_931002
245 _cCaroline Jayne Church.
_aDo your ears hang low? /
260 _bScholastic Inc,
_c2003.
_aUSA :
300 _a24 p. :
_bill. col. ;
_c18 cm.
440 _v1
_931003
521 _aBR
526 _cBR
942 _cBK
_2lcc
999 _c41480
_d41480